000 00596nam a2200229Ia 4500
003 OSt
005 20220926033855.0
006 a|||||r|||| 00| 0
007 ta
008 220923b |||||||| |||| 00| 0 eng d
037 _cGeneral Book
040 _aRTL
_cRTL
_beng
041 _2eng
_aeng
082 _aQ2:1, K8
100 _aHopkins E Washburn
245 0 _aEpic mythology
260 _aVaranasi
_bIndological Book india
_c1968
300 _a277p
_ccm.
650 _aHinduism
_98459
942 _hQ2:1, K8
_cGB
_2CC
999 _c658164
_d658164